Nintendo 64 Games - Statistics

General Stats
  • This quiz has been taken 117 times
    115 since last reset
  • The average score is 30 of 296
Answer Stats
Answer Publish Date Developer Publisher % Correct
Super Mario 64 September 29, 1996 Nintendo EAD Nintendo
93%
The Legend of Zelda: Ocarina of Time November 23, 1998 Nintendo EAD Nintendo
75%
Donkey Kong 64 November 22, 1999 Rare Nintendo
72%
GoldenEye 007 August 25, 1997 Rare Nintendo
72%
Mario Kart 64 February 10, 1997 Nintendo EAD Nintendo
72%
The Legend of Zelda: Majora's Mask October 26, 2000 Nintendo EAD Nintendo
71%
Mario Party February 8, 1999 Hudson Soft Nintendo
62%
Super Smash Bros. April 26, 1999 HAL Laboratory Nintendo
62%
Banjo-Kazooie June 29, 1998 Rare Nintendo
61%
Mario Party 2 January 24, 2000 Hudson Soft Nintendo
58%
Mario Party 3 May 7, 2001 Hudson Soft Nintendo
55%
Banjo-Tooie November 20, 2000 Rare Nintendo
53%
Star Fox 64 June 30, 1997 Nintendo EAD Nintendo
52%
Conker's Bad Fur Day March 5, 2001 Rare Rare
51%
Pokémon Stadium March 6, 2000 Nintendo EAD Nintendo
51%
Diddy Kong Racing November 24, 1997 Rare Rare
50%
Kirby 64: The Crystal Shards June 26, 2000 HAL Laboratory Nintendo
50%
Mario Tennis August 28, 2000 Camelot Software Planning Nintendo
48%
Perfect Dark May 22, 2000 Rare Rare
46%
Pokémon Snap July 26, 1999 HAL Laboratory Nintendo
45%
Mario Golf July 26, 1999 Camelot Software Planning Nintendo
43%
Paper Mario February 5, 2001 Intelligent Systems Nintendo
41%
Pokémon Stadium 2 March 26, 2001 Nintendo EAD Nintendo
41%
Pilotwings 64 September 29, 1996 Nintendo EAD Nintendo
40%
F-Zero X October 27, 1998 Nintendo EAD Nintendo
37%
Yoshi's Story March 10, 1998 Nintendo EAD Nintendo
35%
Castlevania January 26, 1999 Konami Computer Entertainment Kobe Konami
34%
Turok: Dinosaur Hunter March 4, 1997 Iguana Entertainment Acclaim Entertainment
31%
Resident Evil 2 November 16, 1999 Angel Studios, Capcom Production Studio 3, and Factor 5 Capcom
30%
Wave Race 64 November 4, 1996 Nintendo EAD Nintendo
30%
Bomberman 64 December 3, 1997 Hudson Soft Nintendo
28%
Madden NFL 99 September 22, 1998 EA Tiburon EA Sports
27%
1080° Snowboarding April 1, 1998 Nintendo EAD Nintendo
25%
Madden NFL 2000 August 31, 1999 EA Tiburon EA Sports
25%
Mortal Kombat 4 June 23, 1998 Eurocom Midway
25%
Doom 64 April 4, 1997 Midway Studios San Diego Midway
24%
Star Wars: Rogue Squadron December 8, 1998 Factor 5 and LucasArts LucasArts
24%
Superman: The New Superman Adventures May 28, 1999 Titus Interactive Titus Interactive
24%
Madden NFL 2001 September 7, 2000 EA Tiburon EA Sports
23%
Madden NFL 2002 September 13, 2001 Budcat Creations EA Sports
22%
Star Wars Episode I: Racer May 18, 1999 LucasArts Nintendo
22%
Tony Hawk's Pro Skater March 15, 2000 Edge of Reality Activision
22%
Cruis'n USA December 2, 1996 Williams Entertainment Nintendo
21%
Dr. Mario 64 April 9, 2001 Nintendo Nintendo
21%
Hey You, Pikachu! November 6, 2000 Ambrella Nintendo
21%
Jet Force Gemini October 11, 1999 Rare Rare
21%
NHL 99 October 1, 1998 MBL Research EA Sports
21%
Rayman 2: The Great Escape November 9, 1999 Ubi Pictures Ubisoft
21%
Tony Hawk's Pro Skater 2 August 21, 2001 Edge of Reality Activision
21%
Mega Man 64 January 10, 2001 Capcom Production Studio 2 Capcom
20%
Turok 2: Seeds of Evil December 10, 1998 Iguana Entertainment Acclaim Entertainment
20%
Tony Hawk's Pro Skater 3 August 20, 2002 Edge of Reality Activision
19%
Blast Corps March 24, 1997 Rare Nintendo
18%
FIFA 99 December 1998 EA Canada EA Sports
18%
Killer Instinct Gold November 25, 1996 Rare Nintendo
18%
FIFA: Road to World Cup 98 December 22, 1997 EA CanadaExtended Play Productions EA Sports
17%
Harvest Moon 64 December 22, 1999 Victor Interactive Software Natsume Inc.
17%
Pokémon Puzzle League September 25, 2000 Nintendo Software Technology Nintendo
17%
Quest 64 June 10, 1998 Imagineer THQ
17%
Glover November 16, 1998 Interactive Studios Hasbro Interactive
16%
The World Is Not Enough October 17, 2000 Eurocom EA Games
15%
Madden Football 64 October 24, 1997 Tiburon Entertainment EA Sports
14%
NBA Live 99 November 4, 1998 NuFX EA Sports
14%
Ogre Battle 64: Person of Lordly Caliber October 5, 2000 Quest Corporation Atlus
14%
WCW/nWo Revenge October 26, 1998 Asmik Ace Entertainment and AKI Corporation THQ
14%
Excitebike 64 May 2, 2000 Left Field Productions Nintendo
13%
Gex 64: Enter the Gecko August 26, 1998 Realtime Associates Midway
13%
Mortal Kombat Trilogy November 12, 1996 Williams Entertainment Midway
13%
Star Wars: Shadows of the Empire December 3, 1996 LucasArts Nintendo
13%
Quake 64 March 24, 1998 Midway Studios San Diego Midway
12%
Spider-Man November 21, 2000 Edge of Reality Activision
12%
Toy Story 2: Buzz Lightyear to the Rescue! November 16, 1999 Traveller's Tales Activision
12%
Turok 3: Shadow of Oblivion August 31, 2000 Acclaim Studios Austin Acclaim Entertainment
12%
Duke Nukem 64 November 14, 1997 Eurocom GT Interactive
11%
NBA Live 2000 October 29, 1999 NuFX EA Sports
11%
A Bug's Life June 1999 Traveller's Tales Activision
10%
Cruis'n World September 28, 1998 Eurocom Nintendo
10%
Snowboard Kids March 13, 1998 Racdym Atlus
10%
South Park December 21, 1998 Iguana Entertainment Acclaim Entertainment
10%
Tom Clancy's Rainbow Six November 17, 1999 Saffire Red Storm Entertainment
10%
Worms Armageddon March 23, 2000 Infogrames Lyon House Infogrames
10%
Mischief Makers October 1, 1997 Treasure Nintendo
9%
Command & Conquer June 29, 1999 Looking Glass Studios Nintendo
8%
Gauntlet Legends August 31, 1999 Atari Games Midway
8%
Lego Racers October 22, 1999 High Voltage Software Lego Media
8%
Mission Impossible July 16, 1998 Infogrames Ocean Software
8%
Monopoly December 18, 1999 Mind's Eye Productions Hasbro Interactive
8%
Namco Museum 64 November 29, 1999 Mass Media Namco
8%
NFL Blitz September 12, 1998 Midway Games Midway
8%
NFL Blitz Special Edition November 28, 2001 Point of View Midway
8%
Tarzan February 15, 2000 Eurocom Activision
8%
WWF No Mercy November 14, 2000 Asmik Ace Entertainment and AKI Corporation THQ
8%
Batman Beyond: Return of the Joker December 13, 2000 Kemco Ubisoft
7%
Extreme-G October 27, 1997 Probe Entertainment Acclaim Entertainment
7%
Hexen June 25, 1997 Software Creations id Software
7%
Snowboard Kids 2 March 1, 1999 Racdym Atlus
7%
WinBack: Covert Operations October 19, 1999 Omega Force Koei
7%
WWF WrestleMania 2000 November 18, 1999 AKI Corporation THQ
7%
Beetle Adventure Racing! March 23, 1999 Paradigm Entertainment and EA Canada Electronic Arts
6%
Bomberman 64: The Second Attack! May 29, 2000 Hudson Soft Vatical Entertainment
6%
Bomberman Hero August 31, 1998 A.I. Nintendo
6%
Carmageddon 64 July 26, 2000 Software Creations Titus Interactive
6%
FIFA Soccer 64 March 27, 1997 EA Canada EA Sports
6%
Gex 3: Deep Cover Gecko September 28, 1999 Gratuitous Games Crave Entertainment
6%
Hercules: The Legendary Journeys August 18, 2000 Player 1 Titus Interactive
6%
Jeopardy! February 25, 1998 GameTek Take-Two Interactive
6%
Kobe Bryant in NBA Courtside April 27, 1998 Left Field Productions Nintendo
6%
Mickey's Speedway USA November 13, 2000 Rare Nintendo
6%
Mortal Kombat Mythologies: Sub-Zero December 11, 1997 Avalanche Software Midway
6%
NBA Jam 99 December 3, 1998 Iguana West Acclaim Sports
6%
NFL Quarterback Club 2000 August 26, 1999 Acclaim Studios Austin Acclaim Sports
6%
NFL Quarterback Club 98 October 24, 1997 Iguana Entertainment Acclaim Sports
6%
NFL Quarterback Club 99 November 10, 1998 Iguana Entertainment Acclaim Sports
6%
Shadow Man August 31, 1999 Acclaim Studios Teesside Acclaim Entertainment
6%
StarCraft 64 June 13, 2000 Blizzard Entertainment and Mass Media Nintendo
6%
Star Wars Episode I: Battle for Naboo December 15, 2000 Factor 5 and LucasArts LucasArts
6%
Vigilante 8 March 17, 1999 Luxoflux Activision
6%
Wipeout 64 November 4, 1998 Psygnosis Midway
6%
BattleTanx December 29, 1998 The 3DO Company The 3DO Company
5%
BattleTanx: Global Assault October 12, 1999 The 3DO Company The 3DO Company
5%
Castlevania: Legacy of Darkness December 8, 1999 Konami Computer Entertainment Kobe Konami
5%
Iggy's Reckin' Balls August 24, 1998 Iguana Entertainment Acclaim Entertainment
5%
Major League Baseball Featuring Ken Griffey Jr. May 26, 1998 Angel Studios Nintendo
5%
Micro Machines 64 Turbo March 29, 1999 Codemasters Midway
5%
Mystical Ninja Starring Goemon April 16, 1998 Konami Computer Entertainment Osaka Konami
5%
NFL Blitz 2000 August 18, 1999 Midway Games Midway
5%
Paperboy November 4, 1999 High Voltage Software Midway
5%
Super Bowling January 15, 2000 Athena UFO Interactive Games
5%
Tom and Jerry in Fists of Furry November 8, 2000 VIS Entertainment NewKidCo
5%
Wheel of Fortune December 2, 1997 GameTek Take-Two Interactive
5%
World Cup 98 May 19, 1998 Software Creations EA Sports
5%
All-Star Baseball 2000 April 7, 1999 Iguana Entertainment Acclaim Sports
4%
Chameleon Twist December 9, 1997 Japan System Supply Sunsoft
4%
ClayFighter 63⅓ October 23, 1997 Interplay Productions Interplay Productions
4%
Daikatana August 1, 2000 Ion Storm Kemco
4%
Fighters Destiny January 26, 1998 GenkiOpus Corp.Anchor Inc. Ocean of America
4%
International Superstar Soccer 64 August 22, 1997 Konami Computer Entertainment Osaka Konami
4%
NASCAR 2000 September 13, 1999 Stormfront Studios EA Sports
4%
NASCAR '99 September 10, 1998 Stormfront Studios EA Sports
4%
NBA Jam 2000 November 30, 1999 Acclaim Studios Salt Lake City Acclaim Sports
4%
NFL QB Club 2001 August 24, 2000 High Voltage Software Acclaim Sports
4%
Rugrats in Paris - The Movie November 8, 2000 Avalanche Software THQ
4%
San Francisco Rush 2049 September 6, 2000 Midway Games West Midway
4%
San Francisco Rush: Extreme Racing November 7, 1997 Midway Games Midway
4%
Space Station Silicon Valley October 22, 1998 DMA Design Take-Two Interactive
4%
Tetrisphere August 11, 1997 H2O Entertainment Nintendo
4%
The New Tetris August 2, 1999 H2O Entertainment and Blue Planet Software Nintendo
4%
Tonic Trouble August 31, 1999 Ubisoft Montreal Ubisoft
4%
Turok: Rage Wars November 23, 1999 Acclaim Studios Austin Acclaim Entertainment
4%
Virtual Chess 64 June 10, 1998 Titus France Titus Interactive
4%
WCW vs. nWo: World Tour December 2, 1997 Asmik Ace EntertainmentAKI Corporation THQ
4%
WWF Attitude August 31, 1999 Acclaim Studios Salt Lake City Acclaim Sports
4%
WWF War Zone August 11, 1998 Iguana West Acclaim Sports
4%
All-Star Baseball 2001 March 31, 2000 High Voltage Software Acclaim Sports
3%
All Star Tennis '99 August 31, 1999 Smart Dog Ubisoft
3%
Army Men: Sarge's Heroes September 28, 1999 The 3DO Company The 3DO Company
3%
Army Men: Sarge's Heroes 2 September 27, 2000 The 3DO Company The 3DO Company
3%
Blues Brothers 2000 November 17, 2000 Player 1 Titus Interactive
3%
Buck Bumble November 20, 1998 Argonaut Software Ubisoft
3%
Chameleon Twist 2 April 14, 1999 Japan System Supply Sunsoft
3%
Cruis'n Exotica October 17, 2000 Gratuitous Games Midway
3%
Extreme-G 2 November 17, 1998 Probe Entertainment Acclaim Entertainment
3%
F-1 World Grand Prix July 27, 1998 Paradigm Entertainment Video System
3%
Fighting Force 64 June 1, 1999 Core Design Crave Entertainment
3%
Forsaken 64 May 26, 1998 Iguana UK Acclaim Entertainment
3%
G.A.S.P!! Fighters' NEXTream September 29, 1998 Konami Computer Entertainment Osaka Konami
3%
Goemon's Great Adventure September 15, 1999 Konami Computer Entertainment Osaka Konami
3%
In-Fisherman Bass Hunter 64 July 30, 1999 Gearhead Entertainment Take-Two Interactive
3%
Knockout Kings 2000 October 12, 1999 Black Ops Entertainment EA Sports
3%
Magical Tetris Challenge January 14, 1999 Capcom Capcom
3%
NBA Hangtime January 16, 1997 Midway Studios San Diego Midway
3%
NFL Blitz 2001 September 12, 2000 Midway Games Midway
3%
Nightmare Creatures November 30, 1998 Kalisto Entertainment Activision
3%
Quake II July 7, 1999 Raster Productions Activision
3%
Rampage World Tour March 30, 1998 Saffire Midway
3%
Ridge Racer 64 February 14, 2000 Nintendo Software Technology Nintendo
3%
South Park Rally February 28, 2000 Tantalus Interactive Acclaim Entertainment
3%
Space Invaders November 30, 1999 Z-Axis Activision
3%
Top Gear Rally September 30, 1997 Boss Game Studios Midway
3%
Wetrix June 12, 1998 Zed Two Ocean Software
3%
All-Star Baseball 99 May 27, 1998 Iguana Entertainment Acclaim Sports
2%
Bust-A-Move 2 Arcade Edition May 20, 1998 Probe Entertainment Acclaim Entertainment
2%
ClayFighter: Sculptor's Cut May 15, 1998 Interplay Productions Interplay Productions
2%
Donald Duck: Goin' Quackers December 20, 2000 Ubisoft Casablanca Ubisoft
2%
Duke Nukem: Zero Hour August 31, 1999 Eurocom GT Interactive
2%
Earthworm Jim 3D November 4, 1999 VIS Interactive Rockstar Games
2%
Elmo's Number Journey November 30, 1999 Realtime Associates NewKidCo
2%
Golden Nugget 64 December 10, 1998 Westwood Pacific Electronic Arts
2%
GT 64: Championship Edition September 9, 1998 Imagineer Ocean of America
2%
Hybrid Heaven August 31, 1999 Konami Computer Entertainment Osaka Konami
2%
Indiana Jones and the Infernal Machine December 15, 2000 Factor 5 LucasArts
2%
International Superstar Soccer 98 August 21, 1998 Konami Computer Entertainment Osaka Konami
2%
Lode Runner 3-D March 30, 1999 Big Bang Infogrames
2%
Mace: The Dark Age September 30, 1997 Midway Games Midway
2%
Ms. Pac-Man Maze Madness November 13, 2000 Mass Media Namco
2%
NBA Courtside 2 Featuring Kobe Bryant November 8, 1999 Left Field Productions Nintendo
2%
Penny Racers February 4, 1999 Locomotive Corporation THQ
2%
Ready 2 Rumble Boxing November 16, 1999 Point of View Midway
2%
South Park: Chef's Luv Shack December 8, 1999 Acclaim Studios Austin Acclaim Entertainment
2%
Virtual Pool 64 December 17, 1998 Celeris Crave Entertainment
2%
War Gods May 20, 1997 Eurocom Midway
2%
Wayne Gretzky's 3D Hockey November 15, 1996 Atari Games Midway
2%
Xena: Warrior Princess: The Talisman of Fate December 6, 1999 Saffire Titus Interactive
2%
AeroGauge May 21, 1998 Locomotive Corporation ASCII Entertainment
1%
Aidyn Chronicles: The First Mage March 20, 2001 H2O Entertainment THQ
1%
Armorines: Project S.W.A.R.M. December 9, 1999 Acclaim Studios London Acclaim Entertainment
1%
Bass Masters 2000 December 16, 1999 Mass Media THQ
1%
Battlezone: Rise of the Black Dogs April 14, 2000 Climax Development Crave Entertainment
1%
Bio F.R.E.A.K.S. May 19, 1998 Midway Studios San Diego and Saffire Midway
1%
Body Harvest October 20, 1998 DMA Design Midway
1%
Brunswick Circuit Pro Bowling December 22, 1999 Point of View THQ
1%
Bust-A-Move 99 April 5, 1999 Distinctive Developments Acclaim Entertainment
1%
Chopper Attack June 16, 1998 SETA Midway
1%
CyberTiger March 8, 2000 Saffire Electronic Arts
1%
Dark Rift July 8, 1997 Kronos Digital Entertainment Vic Tokai
1%
Destruction Derby 64 September 30, 1999 Looking Glass Studios THQ
1%
Dual Heroes November 5, 1998 Produce! Electro Brain
1%
Duck Dodgers Starring Daffy Duck August 15, 2000 Paradigm Entertainment Infogrames
1%
Elmo's Letter Adventure November 15, 1999 Realtime Associates NewKidCo
1%
Fighter Destiny 2 June 22, 2000 Genki and Opus Corp. SouthPeak Interactive
1%
Hydro Thunder March 6, 2000 Eurocom Midway
1%
International Superstar Soccer 2000 August 3, 2000 Konami Computer Entertainment Osaka Konami
1%
International Track & Field 2000 May 28, 2000 Konami Computer Entertainment Osaka Konami
1%
Jeremy McGrath Supercross 2000 February 28, 2000 Acclaim Studios Salt Lake City Acclaim Sports
1%
Mia Hamm Soccer 64 November 9, 2000 Silicon Dreams Studio SouthPeak Interactive
1%
Midway's Greatest Arcade Hits: Volume 1 November 14, 2000 Digital Eclipse Midway
1%
Mike Piazza's Strike Zone June 18, 1998 Devil's Thumb Entertainment GT Interactive
1%
Milo's Astro Lanes November 24, 1998 Player 1 Crave Entertainment
1%
Monster Truck Madness 64 July 30, 1999 Edge of Reality Rockstar Games
1%
Nagano Winter Olympics '98 January 29, 1998 Konami Computer Entertainment Konami
1%
NBA In The Zone 2000 February 18, 2000 Konami Computer Entertainment Osaka Konami
1%
NBA In The Zone '98 February 16, 1998 Konami Computer Entertainment Osaka Konami
1%
NBA In The Zone '99 April 8, 1999 Konami Computer Entertainment Osaka Konami
1%
NBA Showtime: NBA on NBC November 16, 1999 Eurocom Midway
1%
Off Road Challenge June 30, 1998 Avalanche Software Midway
1%
Rampage 2: Universal Tour March 31, 1999 Avalanche Software Midway
1%
Rat Attack! September 12, 2000 Pure Entertainment Mindscape
1%
Ready 2 Rumble Boxing: Round 2 November 13, 2000 Point of View Midway
1%
Re-Volt August 18, 1999 Acclaim Studios London Acclaim Entertainment
1%
Road Rash 64 September 22, 1999 Pacific Coast Power & Light THQ
1%
Robotron 64 January 5, 1998 Player 1 Crave Entertainment
1%
Rocket: Robot on Wheels November 17, 1999 Sucker Punch Productions Ubisoft
1%
Rush 2: Extreme Racing USA November 11, 1998 Atari Games Midway
1%
S.C.A.R.S. December 3, 1998 Vivid Image Ubisoft
1%
Shadowgate 64: Trials of the Four Towers June 9, 1999 TNS Co. and Infinite Ventures Kemco
1%
Starshot: Space Circus Fever June 29, 1999 Infogrames Infogrames
1%
Star Soldier: Vanishing Earth December 15, 1998 Hudson Soft Electro Brain
1%
Stunt Racer 64 October 3, 2000 Boss Game Studios Midway
1%
Top Gear Overdrive November 23, 1998 Snowblind Studios Kemco
1%
Top Gear Rally 2 December 3, 1999 Saffire Kemco
1%
Triple Play 2000 March 24, 1999 Treyarch Invention EA Sports
1%
Vigilante 8: 2nd Offense February 1, 2000 Luxoflux Activision
1%
Wayne Gretzky's 3D Hockey '98 December 3, 1997 Software Creations Midway
1%
WCW Mayhem September 23, 1999 Kodiak Interactive Electronic Arts
1%
WCW Nitro February 9, 1999 Inland Productions THQ
1%
Aero Fighters Assault November 21, 1997 Paradigm Entertainment Video System
0%
Army Men: Air Combat July 18, 2000 The 3DO Company The 3DO Company
0%
Asteroids Hyper 64 December 14, 1999 Syrox Developments Crave Entertainment
0%
Automobili Lamborghini May 28, 1998 Titus France Titus Interactive
0%
Big Mountain 2000 October 10, 2000 Imagineer SouthPeak Interactive
0%
Bottom of the 9th April 14, 1999 Konami Computer Entertainment Chicago Konami
0%
California Speed March 18, 1999 Atari Games and Midway Games Midway
0%
Charlie Blast's Territory April 2, 1999 Realtime Associates Kemco
0%
Deadly Arts September 29, 1998 Konami Computer Entertainment Osaka Konami
0%
ECW Hardcore Revolution February 17, 2000 Acclaim Studios Salt Lake City Acclaim Entertainment
0%
F1 Pole Position 64 October 15, 1997 Human Entertainment Ubisoft
0%
Flying Dragon October 14, 1998 Culture Brain Natsume Inc.
0%
Fox Sports College Hoops '99 November 23, 1998 Z-Axis Fox Sports Interactive
0%
Hot Wheels Turbo Racing September 14, 1999 Stormfront Studios Electronic Arts
0%
Indy Racing 2000 June 7, 2000 Paradigm Entertainment Infogrames
0%
Ken Griffey Jr.'s Slugfest May 10, 1999 Angel Studios Nintendo
0%
Knife Edge: Nose Gunner November 10, 1998 Kemco Kemco
0%
Monaco Grand Prix September 1999 Ubisoft Paris Ubisoft
0%
MRC: Multi-Racing Championship September 4, 1997 Genki Ocean Software
0%
NHL Blades of Steel '99 April 5, 1999 Konami Computer Entertainment Osaka Konami
0%
NHL Breakaway 98 February 25, 1998 Iguana Entertainment Acclaim Sports
0%
NHL Breakaway 99 November 30, 1998 Iguana West Acclaim Sports
0%
Nuclear Strike 64 November 30, 1999 Pacific Coast Power & Light THQ
0%
PGA European Tour June 15, 2000 Infogames Sheffield House Infogrames
0%
Polaris SnoCross December 27, 2000 Vicarious Visions Vatical Entertainment
0%
Power Rangers Lightspeed Rescue September 27, 2000 Mass Media THQ
0%
Rally Challenge 2000 June 30, 2000 Genki SouthPeak Interactive
0%
Razor Freestyle Scooter November 27, 2001 Titanium Studios Crave Entertainment
0%
Roadsters December 14, 1999 Titus Interactive Titus Interactive
0%
Rugrats: Scavenger Hunt June 28, 1999 Realtime Associates THQ
0%
Scooby-Doo! Classic Creep Capers November 29, 2000 Terraglyph Interactive Studios THQ
0%
Supercross 2000 December 3, 1999 MBL Research EA Sports
0%
The Powerpuff Girls: Chemical X-Traction November 19, 2001 VIS Entertainment and Asylum Entertainment BAM! Entertainment
0%
Tigger's Honey Hunt October 27, 2000 DokiDenki Studio NewKidCo
0%
Top Gear Hyper-Bike March 27, 2000 Snowblind Studios Kemco
0%
Transformers: Beast Wars Transmetals July 12, 2000 Locomotive Corporation Bay Area Multimedia
0%
Twisted Edge Extreme Snowboarding November 11, 1998 Boss Game Studios Midway
0%
V-Rally: Edition '99 September 15, 1999 Eden Studios Infogrames
0%
Waialae Country Club: True Golf Classics July 27, 1998 T&E Soft Nintendo
0%
WCW Backstage Assault December 12, 2000 Kodiak Interactive Electronic Arts
0%
World Driver Championship June 15, 1999 Boss Game Studios Midway
0%
No matching quizzes found
Score Distribution
Percent of People with Each Score
Percentile by Number Answered
Your Score History
You have not taken this quiz since the last reset